01082nam a22001457a 4500003000400000008004100004020001800045100003900063245005200102250000900154260005500163300001100218500067400229650003300903OSt200707b ||||| |||| 00| 0 eng d a9788123914275 aPandey, S.K. & Sharma, Varun Dutt  aHuman Anatomy and Physiology Practical Notebook a2019 aNew DelhibCBS Publishers & Distributors Pvt. Ltd. aPg. 81 aThe ultimate objective of technical education is to develop relevant skills, creativity. and competence among the students so as to enable them to perform the tasks effectively and efficiently later in the world of work. To achieve the above goal and to reduce the writing workload of the students, this Practical Notebook on Human Anatomy and Physiology for First Year Diploma in Pharmacy has been written according to new syllabus as prescribed by Pharmacy Council of India, Education Regulation, 1991. This Practical Notebook contains experiments.Left hand side page of every experiment has been left blank for making diagrams, writing calculations and observations. aHuman Anatomy and Physiology